Quiz Blind test 2026 - Statistiques

Statistiques générales
  • Ce quiz a été pris 149 fois
  • Le résultat moyen est 8 sur 15
Statistiques - réponses
Question Réponse % Correct
Quel est la couleur principale du logo de Twitch ? Violette
85%
Lequel de ces films n'est pas un Disney ? Shrek
79%
De quelle série est issue la musique "Ma Meilleure Ennemie" de Stromae et Pomme ? Arcane
77%
Quelle série appartient à l’univers Game of Thrones ? House of the dragon
74%
Dans quel film peut-on trouver les Decepticons ? Transformers
71%
Dans Les 12 Coups de Midi, comment s’appelle le défi final ? Le Coup de Maitre
68%
Dans quelle série suit on l'histoire de Joe Goldberg ? You
64%
Dans quelle période historique le jeu vidéo " Assassin's Creed" n'a pas été adapté ? Civilisation Inca
56%
De quoi raffole le démon nommé Ryuk dans l'anime Death Note ? Les pommes
54%
Lequel de ces festivals de musique ne se déroulent pas en Belgique ? Vieilles Charrues
49%
Quel est la couleur du sabre laser de Luke Skywalker dans Star Wars ? Verte
41%
Dans MacGyver, quel objet le héros utilise-t-il souvent ? Un trombone
33%
Laquelle de ces émissions TV est un jeu adapté d'un programme néerlandais ? Pekin Express
17%
Dans ALF, de quelle planète vient le héros ? Melmac
15%
Laquelle de ces consoles de jeu est la plus ancienne ? NES
15%
Aucun quiz correspondant
Distribution des résultats
% des personnes avec chaque résultat
Percentile par nombre de réponses
Votre historique - résultats
Vous n’avez pas pris ce quiz